Creating Value from Mergers and Acquisitions / The Challenges: An Integrated and International Perspective (Record no. 5449)
[ view plain ]
| 000 -LEADER | |
|---|---|
| fixed length control field | 01662cam a22002054a 4500 |
| 005 - ΗΜΕΡΟΜΗΝΙΑ ΚΑΙ ΩΡΑ ΤΕΛΕΥΤΑΙΑΣ ΕΝΗΜΕΡΩΣΗΣ | |
| Πεδίο ελέγχου | 20250605164213.0 |
| 008 - FIXED-LENGTH DATA ELEMENTS--GENERAL INFORMATION | |
| Πεδίο ελέγχου σταθερού μήκους | 250528s ||||||||||||||||||||||||d |
| 035 ## - SYSTEM CONTROL NUMBER | |
| System control number | 20327 |
| 020 ## - ISBN | |
| ISBN | 201721503 |
| 040 ## - ΠΗΓΗ ΚΑΤΑΛΟΓΟΓΡΑΦΗΣΗΣ | |
| Φορέας πρωτότυπης καταλογογράφησης | MC Athens Campus Library |
| Γλώσσα καταλογογράφησης | Ελληνικά, Μοντέρνα (1453-) |
| Modifying agency | MC Athens Campus Library |
| Κανόνες περιγραφικής καταλογογράφησης | AACR2 |
| 245 1# - ΤΙΤΛΟΣ ΚΑΙ ΔΗΛΩΣΗ ΥΠΕΥΘΥΝΟΤΗΤΑΣ | |
| Τίτλος | Creating Value from Mergers and Acquisitions / The Challenges: An Integrated and International Perspective |
| 260 ## - PUBLICATION, DISTRIBUTION, ETC. | |
| Name of publisher, distributor, etc. | Prentice Hall, |
| Date of publication, distribution, etc. | 2003 |
| 300 ## - PHYSICAL DESCRIPTION | |
| Extent | 594 |
| 505 0# - FORMATTED CONTENTS NOTE | |
| Formatted contents note | Preface, Publisher's Acknowledgements, Introduction, Historic and Conceptual and Performance Overview of Mergers and Acquisitions, Historical Overview of Mergers and Acquisitions Activity, Alternative Perspectives on Mergers, Are Acquisitions Successful?, Corporate Strategy and Organizing for Acquisitions, Sources and Limits of Value Creation in Horizontal Mergers, Sources and Limits of Value Creation in Consolidating Fragmented Industries, Sources and Limits of Value Creation in Vertical Mergers, Sources and Limits of Value Creation in Conglomerate Acquisitions, Cross-Border Acquisitions, Strategic Alliances as an Alternative to Mergers and Acquisitions, Corporate Refocusing, Leverage Buyouts, Organizing for Acquisitions, Deal Structuring and Negotiation, Target Valuation, Accounting for Mergers and Acquisitions, Paying for the Acquisition, Antitrust Regulation, Regulating Takeover Bids, Advisers in Takeovers, Post-Acquisition Integration and Organizational Learning, Index. |
| 520 ## - SUMMARY, ETC. | |
| Summary, etc. | This book provides a comparative analysis of the M & A scene in Europe and the US, the two most active markets in the World. |
| 700 1# - ΠΡΟΣΘΕΤΗ ΑΝΑΓΡΑΦΗ--ΦΥΣΙΚΟ ΠΡΟΣΩΠΟ | |
| Personal name | Sudarsanam Sudi |
| 9 (RLIN) | 6333 |
| 942 ## - ADDED ENTRY ELEMENTS (KOHA) | |
| Koha item type | Books |
| Τύπος τεκμηρίου | Βιβλιοθήκη | Τρέχουσα τοποθεσία | Barcode | Αριθμός εισαγωγής | Ημερομηνία απόκτησης | Ταξιθετικό σύμβολο | Αριθμός αντιτύπου | Κατάσταση απόσυρσης | Κατάσταση χαμένου | Κατάσταση κατεστραμμένου | Μη δανεισμός | Σύνολο δανεισμών | Ημερομηνία τελευταίας εμφάνισης | Η τιμή ισχύει από |
|---|---|---|---|---|---|---|---|---|---|---|---|---|---|---|
| Books | MC Athens Campus Library | MC Athens Campus Library | 9780000054487 | 6728 | 05/06/2025 | 658.162 SUD | 1 | 05/06/2025 | 05/06/2025 |